000 00616nam a2200217Ia 4500
008 160303s9999 xx 000 0 und d
020 _a9711007088
050 _aFIL S 544.5
050 _b.P5I58 1987
245 3 _aAn Introduction to extension delivery systems /
245 _cedited by Jaime B. Valera, Vicente A. Martinez, Ramiro F. Plopino.
260 _aManila:
260 _bIsland Pub.House, Inc.,
260 _c1987
300 _a188 pages :
300 _billustrations ;
300 _c23 cm.
500 _aIncludes index.
650 _aAgricultural extension work --
650 _xPhilippines.
999 _c291374
_d291374